000
002430000a22000970004500
100
1
_a
Winter, Ralph D.
245
1
0
_a
My friend, Jim Emery
300
_a
Vol.21, núm.10 (October, 1999), Páginas 50-51
773
0
_t
Mission Frontiers
942
_c
ANA
999
_c
60350
_d
60350